000
00246nam a2200097Ia 4500
008
240331s9999 xx 000 0 und d
082
_b
THI
100
_a
Thiruchandran, S
245
0
_a
Pennadimaiyin parimanankalum pennurimaiyinvilakkamum
942
_c
L
999
_c
1715
_d
1715